Actors / Actresses by their Characters - Picture Edition #4 - Statistics

General Stats
  • This quiz has been taken 73 times
  • The average score is 7 of 15
Answer Stats
Picture Answer % Correct
Adam Sandler
79%
Ryan Reynolds
79%
Danny DeVito
77%
Antonio Banderas
66%
Eddie Murphy
65%
Rachel McAdams
52%
Charlize Theron
50%
Emily Blunt
45%
John Krasinski
45%
Rachel Weisz
32%
Milla Jovovich
29%
Eminem
27%
Felicity Jones
23%
Naomi Scott
16%
Ioan Gruffudd
11%
No matching quizzes found
Score Distribution
Percent of People with Each Score
Percentile by Number Answered
Your Score History
You have not taken this quiz